| 000 | 00000nas 2200000za 4500 |
|---|---|
| 001 | 9.500432 |
| 003 | CaOODSP |
| 005 | 20250609155920 |
| 007 | cr ||||||||||| |
| 008 | 150406c2003||||xxc|| m o||||f| |0fre|d |
| 040 | |aCaOODSP|bfre |
| 043 | |an-cn--- |
| 086 | 1 |aF21-8F-PDF|zF21-8-PDF |
| 110 | 1 |aCanada. |bMinistère des finances. |
| 245 | 10|aMinistère des Finances, document de travail |h[ressource électronique] |
| 260 | |aOttawa - Ontario : |bFinances Canada |
| 310 | |aIrrégulier |
| 362 | 1 |a2003-14 -- |
| 500 | |aArticles en leurs langues originales. |
| 775 | 08|tDepartment of Finance, working paper |w(CaOODSP)9.500431 |